Загрузка...

شىء من الخوف

Библиографические подробности
Главные авторы: ثروت أباظة, Abala, sarvath
Формат: Printed Book
Опубликовано: Cairo: Makthabathu misr;
Предметы:
LEADER 00557nam a22001817a 4500
999 |c 294153  |d 294153 
082 |a 892.736  |b ABA/S 
100 |a ثروت أباظة 
100 |a Abala, sarvath 
245 |a شىء من الخوف  |c Sheu minal khavf 
260 |b Makthabathu misr;  |a Cairo: 
300 |a 112p. 
500 |a includes index 
650 |a Arabic Novels 
650 |a Arabic literature 
650 |a رواية 
942 |c BK 
952 |0 0  |1 0  |4 0  |6 892_736000000000000_ABA_S  |7 0  |9 313216  |a ARA  |b ARA  |d 2020-07-02  |l 0  |o 892.736 ABA/S  |p ARA5658  |r 2020-07-02  |w 2020-07-02  |y BK